000 00596nam a22002172i 4500
999 _c7806
_d7806
001 7806
003 BD - JhCC
005 20180723201909.0
008 500101s1958 xxk 000 0 eng d
035 _a(BD - JhCC)7806
040 _aUKM
_cUKM
_dEQO
_dBD - JhCC
041 _aeng
082 _218
_bJEF 1958
_a823.91
100 1 _aJeffries, Jeff
_q(Children’s fiction writer)
245 1 4 _aThe fighting Marshal :
_bthe story of Wyatt Earp /
_cJeff Jeffries
260 _aCollins,
_c1958
300 _a256 p. :
_bill. ;
_c19 cm
830 0 _aSeagull library
942 _2ddc
_cBK